00639nam a22001817a 4500003000200000005001700002008004100019020001800060050002100078245005500099260005400154300004100208504002000249650004000269650005200309650005000361650004600411020251117144857.0251117b xxu||||| |||| 00| 0 eng d a1-85613-819-4 aD 421b.H36 1995 aThe Hamlyn pictorial history of the 20th century / aLondon:bReed International Books Limited,c1995. a592 pages :billustrations ;c31 cm. aIncludes index. aTwentieth centuryxPictorial works. aHistory, Moderny20th centuryxPictorial works. aWorld historyy20th centuryxPictorial works. aHamlyn Publishing GroupxPictorial works.